000 00329pab a2200145 454500
008 180718b2005 xxu||||| |||| 00| 0 eng d
100 _aSingh, Amod Kumar
245 _aCriminal psychological profiling
260 _c2005
300 _ap.14-17.
362 _aMay
650 _aCrime
773 _aCBI Bulletin
909 _a66428
999 _c66428
_d66428